000 00725nam a22002297a 4500
003 UA-OsUOA
001 114808
007 ta
008 20151123b un ||||| |||| 00| 0 ukr d
100 _aАкулюшина М.О.
700 _aКостенко А.С.
090 _a330(477)
_bА44
942 _cSA
040 _aUA-OsUOA
_bukr
_cUA-OsUOA
_dUA-OsUOA
245 _aОсобливості розробки антикризового бізнес-плану в умовах кризових явищ
300 _aС.4-7
955 _a0
041 _aukr
080 _a330(477)
773 0 _w114807
_tЕкономіка. Фінанси. Право.
_dК.
_d2015
_g11
650 7 _a330 Економіка взагалі
_2UDC
999 _c401000
_d401000